Districts of Nauru (With a Map) - Statistics

General Stats
  • This quiz has been taken 2,104 times
  • The average score is 7 of 14
Answers on the Map
Answers color-coded by a green-red scale on the quiz's map according to % correct below.
 
Answer Stats
District % Correct
Yaren
92%
Boe
56%
Aiwo
55%
Anabar
50%
Buada
50%
Anibare
48%
Ewa
48%
Ijuw
46%
Meneng
46%
Anetan
44%
Denigomodu
43%
Uaboe
42%
Nibok
40%
Baitsi
39%
No matching quizzes found
Score Distribution
Percent of People with Each Score
Percentile by Number Answered
Your Score History
You have not taken this quiz